| АИС "Историко-культурное наследие Беларуси" | ||
| Базовый | Расширенный | Профессиональный | Словарь персоналий | Тематический словарь | По видам объектов | История запросов Заказы | Регистрация | |
Запись в MARC-формате
| копировать MARC-запись |
=LDR 00000nx\\c2200217\\\45\\
=001 BY-NLB-ar50467
=005 20160209113301.1
=100 \\$a20001231abely50\\\\\\ca0
=152 \\$apsbo
=160 \\$ae-bw
=215 \\$aКіраўскі раён (Магілёўская вобласць)
=300 1\$aУтвораны ў 1935 г. З 1938 г. – у Магілёўскай, з 1944 г. – у Бабруйскай, з 1954 г. – у Магілёўскай абласцях. Цэнтр раёна – г. Кіраўск.
=356 \\$aЗнаходзіцца ў паўднёва-заходняй частцы Магілёўскай вобласці.
=515 \\$5w$3BY-NLB-ar50466$aКировский район (Могилевская область)
=515 \\$5g$3BY-NLB-ar18635$aМагілёўская вобласць
=801 \2$aBY$bBY-HM0000$c20061012
=801 \0$aBY$bBY-HM0000$c20001231
=801 \1$aBY$bBY-HM0000$c20040804
=810 \\$aРэспубліка Беларусь. Вобласці і раёны : энцыклапедычны даведнік. — Мінск, 2004.
=810 \\$aРеспублика Беларусь : энциклопедия. [В 7 т.]. Т. 4. — Минск, 2007.
=999 \\$g2$t20061012
Чтобы вернуться назад, щелкните кнопку BACK на Вашем браузере